00924nam a2200253 a 4500003000700000005001700007008004100024040003300065041000800098050002800106100002900134245014400163260004400307300003400351336002800385337003000413338002700443500002400470650004500494650002200539650003700561650002800598650004400626CBULib20240131085812.0180215s2016 ||||||||||||||||| || u aCBULibbEnglishcCBULiberda aeng aCBU-PG MPHIL THESIS/MAL aMaliselo, Patrick Sipalo00aAmmonia emission in poultry houses and its effect on the growth of Gallus gallus domesticus (Broiler chicken)c/ by Patrick Sipalo Maliselo aKitwe : bCopperbelt University,c2016. axi, 77 pages : illustrations  2rdacontentaText |btxt 2rdamediaaUnmediated |bn 2rdacarrieraVolumebnc aIncludes References aBROILER (CHICKENS)--EFFECT OF AMMONIA ON aAMMONIA EMISSIONS aPOLLUTION--ENVIRONMENTAL ASPECTS aFEEDS--AMMONIA CONTENTS aBROILERS (CHICKENS) --FEEDING AND FEEDS